Taxation: Practice & Revision Kit. (Record no. 570)

MARC details
005 - DATE AND TIME OF LATEST TRANSACTION
control field 20250313145854.0
020 ## - INTERNATIONAL STANDARD BOOK NUMBER
International Standard Book Number 0 86277 432 2
082 ## - DEWEY DECIMAL CLASSIFICATION NUMBER
Classification number 336.24 ACCA
111 ## - MAIN ENTRY--MEETING NAME
Meeting name or jurisdiction name as entry element ACCA
245 ## - TITLE STATEMENT
Title Taxation: Practice & Revision Kit.
250 ## - EDITION STATEMENT
Edition statement 4th Ed.
260 ## - PUBLICATION, DISTRIBUTION, ETC.
Place of publication, distribution, etc. London,
Name of publisher, distributor, etc. BPP Publishing Limited,
Date of publication, distribution, etc. 1991.
300 ## - PHYSICAL DESCRIPTION
Extent 210p.:
Dimensions 30cm
942 ## - ADDED ENTRY ELEMENTS (KOHA)
Source of classification or shelving scheme Dewey Decimal Classification
Koha item type Books
Holdings
Date last seen Total checkouts Full call number Barcode Cost, replacement price Price effective from Koha item type Lost status Source of classification or shelving scheme Damaged status Not for loan Withdrawn status Home library Current library Shelving location Date acquired Cost, normal purchase price
03/13/2025   336.24 ACCA 0000002272 30000.00 03/13/2025 Books   Dewey Decimal Classification       College of Business Education Main Library College of Business Education Main Library General Collection 03/13/2025 10000.00